Premier League 2021/22 Brazil Players - Statistics

General Stats
  • This quiz has been taken 125 times
  • The average score is 17 of 24
Answer Stats
Club Position Number Player % Correct
Manchester City GK 31 Ederson
98%
Liverpool GK 1 Alisson
96%
Liverpool MF 3 Fabinho
96%
Manchester City FW 9 Gabriel Jesus
96%
Liverpool FW 9 Roberto Firmino
95%
Manchester City MF 25 Fernandinho
93%
Tottenham Hotspur FW 27 Lucas Moura
93%
Everton FW 7 Richarlison
92%
Arsenal DF 6 Gabriel Magalhaes
90%
Manchester United MF 17 Fred
88%
Chelsea DF 6 Thiago Silva
88%
Arsenal FW 35 Gabriel Martinelli
86%
Aston Villa MF 6 Douglas Luiz
79%
Newcastle United FW 9 Joelinton
72%
Manchester United DF 27 Alex Telles
70%
Leeds United MF 18 Raphinha
68%
Everton MF 6 Allan
67%
Arsenal FW 12 Willian
56%
Manchester United MF 15 Andreas Pereira
48%
Aston Villa FW 9 Wesley Moraes
48%
Watford FW 10 Joao Pedro
41%
Wolves DF 5 Fernando Marcal
36%
Chelsea FW TBD Kenedy
17%
Liverpool GK TBD Marcelo Pitaluga
11%
No matching quizzes found
Score Distribution
Percent of People with Each Score
Percentile by Number Answered
Your Score History
You have not taken this quiz